00881nam a22002297a 450000500170000001000220001702000110003903500140005003700090006408200150007310000190008824501110010725000060021826001470022427000520037130000210042349000100044450001240045450500230057870000260060170000240062720240910114435.0 aENG-141707  c110.00 aEN-125239 bDBAD a954.040924 aAmbedkar, B.R. aDr. BABASAHEB AMBEDKAR WRITINGS AND SPEECHES/cBy B.R.Ambedkar; Comp.by Vasant moon; Edited by Hari Narake a2 aMumbaibMember of Secretary, Dr. Ambedkar, Mahatma Phile, Rajarshi Shahu Source Material Publication Commitee, Government of Maharastra c2005 aBarrack No. 18, Opp Mantralaya bMumbaie400021 a803p.:b25cm(hb) vVol 2 aVol-2,Dr.Ambedkar in Bombay Legislative,Dr. Ambedkar with Simon Commission,Dr. Ambedkar at the Round Table Confernce.  aBibliography,Index aVasant MooneCompiled aHari NarakeeEditor